Theoretical atomic physics / (Record no. 8581)
[ view plain ]
| 000 -LEADER | |
|---|---|
| fixed length control field | 00623nam a22002172 4500 |
| 001 - CONTROL NUMBER | |
| control field | 0000018463 |
| 005 - DATE AND TIME OF LATEST TRANSACTION | |
| control field | 20151217152128.0 |
| 008 - FIXED-LENGTH DATA ELEMENTS--GENERAL INFORMATION | |
| fixed length control field | 091112s xx 000 0 eng d |
| 020 ## - INTERNATIONAL STANDARD BOOK NUMBER | |
| International Standard Book Number | 354025644x : |
| 040 ## - CATALOGING SOURCE | |
| Original cataloging agency | KABU |
| Transcribing agency | KABU |
| 100 1# - MAIN ENTRY--PERSONAL NAME | |
| Personal name | Friedrich, Harald. |
| -- | 0000177732 |
| 245 10 - TITLE STATEMENT | |
| Title | Theoretical atomic physics / |
| Statement of responsibility, etc. | Harald Friedrich. |
| 250 ## - EDITION STATEMENT | |
| Edition statement | 1st ed. |
| 260 ## - PUBLICATION, DISTRIBUTION, ETC. (IMPRINT) | |
| Place of publication, distribution, etc. | New York : |
| Name of publisher, distributor, etc. | Springer, |
| Date of publication, distribution, etc. | 2006. |
| 300 ## - PHYSICAL DESCRIPTION | |
| Extent | xiv, 506 p. |
| 650 #0 - SUBJECT ADDED ENTRY--TOPICAL TERM | |
| Topical term or geographic name as entry element | Atoms. |
| -- | 0000087558 |
| 650 #0 - SUBJECT ADDED ENTRY--TOPICAL TERM | |
| Topical term or geographic name as entry element | Mathematical physics. |
| -- | 0000153774 |
| 852 1# - LOCATION | |
| -- | p6124.40 KES |
| 908 ## - PUT COMMAND PARAMETER (RLIN) | |
| Put command parameter | 091112 |
| 950 ## - LOCAL HOLDINGS (RLIN) | |
| -- | 1 |
| Withdrawn status | Lost status | Source of classification or shelving scheme | Not for loan | Home library | Current library | Date acquired | Total Checkouts | Full call number | Barcode | Date last seen | Price effective from | Koha item type |
|---|---|---|---|---|---|---|---|---|---|---|---|---|
| Library of Congress Classification | Kabarak, Main Campus | Kabarak, Main Campus | 17/12/2015 | QC173 .F75 2006 c. 1 | 18287 | 17/12/2015 | 17/12/2015 | General Collection |